Το δίκαιο του χρήματος

Αποθηκεύτηκε σε:
Λεπτομέρειες βιβλιογραφικής εγγραφής
Κύριος συγγραφέας: Καλλιμόπουλος, Γιώργος Δ., 1932-
Μορφή: Βιβλίο
Γλώσσα:Greek
Δημοσίευση: Αθήνα ; Κομοτηνή : Αφοι Π.Σάκκουλα, c1993.
Θέματα:
Ετικέτες: Προσθήκη ετικέτας
Δεν υπάρχουν, Καταχωρήστε ετικέτα πρώτοι!

MARC

LEADER 00000cam a2200000 i 4500
001 1/19025
008 990422s1993 gr | ||| |||| ||gre||
035 |a ΠΑΡ-1997  |b 04/04  |c Μαστρομανώλης  |l 10021124 
040 |a GR-MyUa  |b gre  |e AACR2 
041 1 |a gre 
082 7 |a 343.032   |2 (22) 
100 1 |a Καλλιμόπουλος, Γιώργος Δ.,   |d 1932- 
245 1 3 |a Το δίκαιο του χρήματος /   |c Γ.Δ. Καλλιμόπουλος. 
260 |a Αθήνα ;   |a Κομοτηνή :   |b Αφοι Π.Σάκκουλα,   |c c1993.  
300 |a 443 σ. ;   |c 24 εκ. 
504 |a Περιλαμβάνει βιβλιογραφία. 
650 0 |a Money  |x Law and legislation. 
650 0 |a Money  |x Law and legislation  |z Greece. 
852 |a INST  |b CHIOS  |e 19990422  |h 343.032 ΚΑΛ  |p 005200014460  |q 005200014460  |t BK  |y 0 
922 |a 2ΕΛΗ  |b 199903  |c ΜΑΣΤΡΟΜΑΝΩΛΗΣ  |d EMVASIS